El pingüino Picabú. Primeras palabras. Un libro bilingüe en inglés y en español.

Saved in:
Bibliografiske detaljer
Hovedforfatter: Owen, Ruth (autora)
Andre forfattere: Harker, Jilian (asesora)
Format: Bog
Udgivet: Irvine, USA: QEB Publishing, 2011.
Fag:
Tags: Tilføj Tag
Ingen Tags, Vær først til at tagge denne postø!

MARC

LEADER 00000nam a22000007a 4500
003 CL-VaPUC
005 20240529103357.0
008 240429t2011 ||||| |||| 00| 0 eng d
999 |c 443652  |d 443650 
020 |a 978-1-60992-161-3 
040 |c Pontificia Universidad Católica de Valparaíso 
082 7 |2 22  |a 828 OWE 2011 
100 1 |a Owen, Ruth  |e autora  |9 888709 
245 |a El pingüino Picabú. Primeras palabras.  |b Un libro bilingüe en inglés y en español. 
260 |a Irvine, USA:  |b QEB Publishing,  |c 2011. 
300 |a 24 páginas; ilustraciones. 
500 |a c.1 Donación Paola Cárdenas (vecina curauma). Memo 17-04-2024 
583 |c 20240429  |k Catalogador Asistente 
650 0 |9 307465  |a Literatura infantil   |z Inglaterra 
650 0 |9 888750  |a Libros ilustrados infantiles 
700 |a Harker, Jilian  |e asesora  |9 888710 
942 |2 ddc  |c BK 
952 |0 0  |1 0  |2 ddc  |4 0  |6 828_000000000000000_OWE_2011  |7 0  |8 C  |9 594306  |a BIBCUR  |b BIBCUR  |d 2024-04-29  |e Donación  |i 5660011  |l 5  |o 828 OWE 2011  |p 5660011  |r 2025-05-08  |s 2025-05-08  |t 1  |w 2024-04-29  |y BK  |k CAC